HILBERT SPACE REPRESENTATIONS OF DECOHERENCE FUNCTIONALS AND QUANTUM MEASURES

Podrobná bibliografia
Hlavný autor: Gudder, Stan (Autor)
Médium: Článok
Jazyk:angličtina

MARC

LEADER 00000nab a2200000uu 4500
001 vtls011450963
003 SK-MaSNL
005 20260303151401.0
008 230222|2012 xo |||||||||||||||||eng|
015 |a SNBRB 
035 |a (urnnbn)urn:nbn:sk:snk:ar-006k7j 
035 |a (uuid)4825fe6a-289b-411f-b673-d7ab929455a2 
035 |a urn:nbn:sk:snk-abcn16 
040 |a SNKBUCL  |b slo  |c SNKBUCL  |e AACR2 
041 0 |a eng 
044 |a xo  |c SK 
100 1 |a Gudder, Stan  |4 aut  |9 1170776 
245 1 0 |a HILBERT SPACE REPRESENTATIONS OF DECOHERENCE FUNCTIONALS AND QUANTUM MEASURES  |c Stan Gudder 
773 0 |t Mathematica Slovaca  |g Roč. 62, č. 6 (2012), s. [1209]-1230 
958 |a OND 
958 |a EUIPO 
958 |a article16 
999 |c 2017458  |d 2019388